3r distrito electoral : la Universidad : sección primera la Universidad :
Publicado:
[1848] :
Descripción Física:
42 p. : taules ; 31 cm
Otros Autores:
Gibert, Manuel
Materias:
Impostos -- Barcelona
MARC
| LEADER | 00000nam a2200000Ia 4500 | ||
|---|---|---|---|
| 001 | 18005 | ||
| 008 | 160829s9999 xx 000 0 cat d | ||
| 080 | |a RF-2-44 | ||
| 245 | |a 3r distrito electoral : |b la Universidad : |b sección primera | ||
| 260 | |a [1848] | ||
| 300 | |a 42 p. : |b taules ; |c 31 cm | ||
| 590 | |a Noms dels electors per contribucions de més de 400 rals, dels que paguen entre 200 i 400, i el carrer i número on viuen. | ||
| 590 | |a Signat per Manuel Gibert. | ||
| 590 | |a Prové de 155, exp. 3 | ||
| 650 | |a Impostos |x Barcelona |9 43509 | ||
| 700 | |a Gibert, Manuel |9 43510 | ||
| 856 | 4 | |u https://media.diba.cat/diba/fitxers/arxiu/fulletons/bib_18005_1848_baixa.pdf |y Accés lliure | |
| 856 | 4 | |u https://media.diba.cat/diba/fitxers/arxiu/fulletons/bib_18005_1848_baixa.pdf |y Accés lliure | |
| 901 | |a Arxiu | ||
| 942 | |n 1 |2 udc | ||
| 952 | |0 0 |1 0 |4 0 |6 RF244 |7 1 |9 51481 |a Arxiu |b Arxiu |d 2016-12-01 |l 0 |o RF-2-44 |p 18005 |r 2016-12-01 00:00:00 |w 2016-12-01 |y ARXIU | ||
| 999 | |c 55325 |d 55325 | ||
| 900 | |a bib_18005_1848_baixa.pdf | ||